000 01387nam0a2200361 4500
001 RU\NLR\BIBL_A\022707433
005 20260420062518.0
010 _a978-5-0064-9787-0
021 _aRU
_bКН-П-25-074013
_9КН-П-25-7171
035 _a(NLR Aleph) 022707433
090 _a13687702
_c13687702
100 _a20260122d2025 u y0rusy50 ca
101 0 _arus
_deng
102 _aRU
105 _aa z 000yy
181 0 _ai
_baxxe
182 0 _an
200 1 _aО методологической несостоятельности понятия "товар рабочая сила" в марксистской политэкономии
_fА. Г. Тарасов
203 _aТекст
_bвизуальный
_cнепосредственный
210 _a[Б. м.]
_cИздательские решения
_d2025
215 _a78, [1] с.
_cил.
_d29
300 _aРез. отд. ст. англ.
320 _aБиблиогр.: с. 24–26, 78–79 и в тексе
333 _a12+
606 1 _aРабочая сила
_xМарксистская теория
_92698863
_3RU\NLR\AUTH\6601766929
686 1 _aА677.74
686 1 _aУ011.531.53
700 1 _7ca
_8rus
_aТарасов
_bА. Г.
_cпублицист
_92698671
_3RU\NLR\AUTH\770290417
942 _cBOOK
980 _aNB